Statistics for The 41 Regions of Solis

Click here to take the quiz!

General Stats

  • This quiz has been taken 9 times
  • The average score is 21 of 41

Answer Stats

HintAnswer% Correct
Delta Rio Wanay
100%
Arena
80%
Kunka
80%
Paramos
80%
Qachas
80%
Umina
80%
Distrito Capital
60%
Frontera
60%
MountainsHatun Ukucha
60%
Hirkas
60%
DesertLaderas Rojas
60%
Picos Helados
60%
Picos Nevados
60%
Tallada
60%
Tierras Bajas
60%
Urqu Verde
60%
Vaivenes
60%
Abundancia
40%
Acantilados
40%
Altoyaku
40%
Cantos
40%
Cerros Empolvados
40%
Chasca
40%
Gran Batalla
40%
Hamparas
40%
RainforestHanasacha
40%
GrasslandsIslas Intichayes
40%
Islas Kaupyes
40%
Islas Machaqwayes
40%
Laderas Sur
40%
Las Tormentas
40%
Maravillas
40%
Phuyu-Kuni
40%
Recalada
40%
Riscos Altos
40%
Tierra Del Qhapaq
40%
Valle Rio
40%
Wachikuni
40%
Yanacagua
40%
Cresta
20%
Paso Ventoso
20%

Score Distribution

Percentile by Number Answered

Percent of People with Each Score

Your Score History

You have not taken this quiz